000 00661nam1a22002171i 4500
001 rc\4123285
005 20240724123704.0
035 _a(NLR Aleph) 007903339
090 _a8051735
_c8051735
100 _a20130415f19001950|||y0rusy50 ca
101 0 _arus
102 _aRU
105 _a j |||||
200 1 _aНовая история
_eУчебник для сред. школы
_e[Ч. 1]-
210 _aМосква
_cУчпедгиз
_d1900-1950
215 _d22
606 _aНовая история
_jУчебники и пособия
_2psbo
801 0 _aRU
_bNLR
_gpsbo
801 1 _aRU
_bELAR
_2rusmarc
852 _aNLR
_jШифры разные
942 _cBOOK